Net External Asset Position of 145 Countries Estimation and Interpretation
Uložené v:
| Hlavný autor: | |
|---|---|
| Médium: | Kniha |
| Jazyk: | English |
| Vydavateľské údaje: |
Tübingen
Mohr
1990
|
| Vydanie: | 1. ed. |
| Edícia: | Kieler Studien
234 |
| Tagy: |
Žiadne tagy, Buďte prvý, kto otaguje tento záznam!
|
MARC
| LEADER | 00000nam a2200000 4500 | ||
|---|---|---|---|
| 001 | c039519 | ||
| 005 | 20250606104101.6 | ||
| 041 | 0 | |a eng | |
| 044 | |a DE | ||
| 245 | 1 | 0 | |a Net External Asset Position of 145 Countries |b Estimation and Interpretation |c Stefan Sinn |
| 250 | |a 1. ed. | ||
| 264 | 1 | |a Tübingen |b Mohr |c 1990 | |
| 300 | |a 213 s. | ||
| 490 | 1 | |a Kieler Studien |v 234 | |
| 830 | 0 | |a Kieler Studien |v 234 | |
| 100 | 1 | |a Sinn, Stefan | |